000 00395nam a22001337a 4500
005 20131217125017.0
008 131217b xxu||||| |||| 00| 0 eng d
050 _aBT732.7
_bN337 2012
100 _aNcube, Raphael Mabuza
_95817
245 _aCome to me and rest
_cNcube, Raphael Mabuza
260 _aPlumtree
_bILIzwi Publications
_c2012
300 _ax, 111p.;
_c24cm.
942 _2lcc
_cMONOGRAPH
999 _c119300
_d119300